| 000 | 01685nam a2200337 a 4500 | ||
|---|---|---|---|
| 999 |
_c412961 _d412961 |
||
| 003 | BLK | ||
| 005 | 20250628161044.0 | ||
| 008 | 191026b bu ||||| |||| 00| 1 bu d | ||
| 020 | _a9786191952892 | ||
| 040 | _aBLK | ||
| 041 |
_aBUL _cBUL |
||
| 080 |
_aБългарска литература _b821.163.2 _x-94 _z821.163.2-94 |
||
| 080 |
_aВестници. Преса. Журналистика _b070 _x(497.2)(092)(0:82-94) _z070(497.2)(092)(0:82-94) |
||
| 080 |
_aТелевизионен журналист _b929 Цветков, Милен Викторов _z929 Цветков, Милен Викторов |
||
| 100 | 1 |
_971588 _aИванова, Милена _eпърви автор |
|
| 139 |
_aИванова, Милена _bИ 22 |
||
| 245 |
_a379 дни с Милен Цветков _bИсторията на една чакана любов _cМилена Иванова; под ред. на Георги Тошев. |
||
| 257 | _aBGR | ||
| 260 |
_aСофия _bКнигомания _c2021 _9214104 _fКостинброд : Мултипринт ООД |
||
| 300 |
_a200 _c21 см _b32 с. : ил. |
||
| 380 | _aX | ||
| 500 | _aБиогр. данни за авт. отбелязани на 2-ра кор. - Спомени за Милен Цветков: с. 183-199 | ||
| 650 | 0 |
_9321857 _aЖурналистика - България |
|
| 653 | 7 |
_9198107 _aтелевизионна журналистика |
|
| 653 | 7 |
_9197141 _aспомени |
|
| 700 |
_9461587 _aТошев, Георги Коцев _eпод ред. на |
||
| 852 |
_aЦб 312734 _bЦб |
||
| 942 |
_cKNG _n0 _s1 _034 |
||
| 944 |
_k30575 _lМартин Енчев |
||
| 944 |
_kСТ _l2022-05-13 |
||